| 000 | 00829nam a2200241Ia 4500 | ||
|---|---|---|---|
| 003 | OSt | ||
| 005 | 20220928112737.0 | ||
| 008 | 210716s2017 xx 000 0 und d | ||
| 020 | _a9781788391443 | ||
| 040 | _cAIMIT LIBRARY | ||
| 041 | _aeng | ||
| 082 |
_a005.448 _21 _bFARR |
||
| 100 |
_aFarmer, Rick. _958625 |
||
| 245 |
_aCloud foundry for developers : _bdeploy manage and orchestrate cloud native applications with ease / _cBy Rick Farmer, Rahul Jain and David Wu. |
||
| 250 | _a1st ed. | ||
| 260 |
_aMumbai : _bPackt Publishing Ltd , _c2017 . |
||
| 300 |
_avi, 286p. ; _bPB _c23.5 cm. |
||
| 650 |
_aArchitecting and building apps for the cloud _958626 |
||
| 650 |
_aMicroservices and worker applications _958627 |
||
| 700 |
_aJain, Rahul. _958628 |
||
| 700 |
_aWu, David. _958629 |
||
| 942 |
_2ddc _cBK _e1st _k005.448 FARR |
||
| 999 |
_c196546 _d196546 |
||